000
00277nam a22001217a 4500
999
_c
15750
_d
15750
008
160809b xxu||||| |||| 00| 0 eng d
020
_a
9782923975863
082
_a
G 266pis
100
1
0
_a
Gaudet, Jonathan
245
1
3
_a
La piscine
300
_a
239 p.
942
_2
ddc
_c
ROM ADULTE